<?xml version="1.0" encoding="UTF-8"?>
<record
    xmlns:xsi="http://www.w3.org/2001/XMLSchema-instance"
    xsi:schemaLocation="http://www.loc.gov/MARC21/slim http://www.loc.gov/standards/marcxml/schema/MARC21slim.xsd"
    xmlns="http://www.loc.gov/MARC21/slim">

  <leader>00571nam a22001697a 4500</leader>
  <controlfield tag="003">OSt</controlfield>
  <controlfield tag="005">20250624142442.0</controlfield>
  <controlfield tag="008">250624b        |||||||| |||| 00| 0 eng d</controlfield>
  <datafield tag="040" ind1=" " ind2=" ">
    <subfield code="c">AIMIT LIBRARY</subfield>
  </datafield>
  <datafield tag="100" ind1=" " ind2=" ">
    <subfield code="a">Raksha.</subfield>
    <subfield code="e">221809</subfield>
    <subfield code="9">215912</subfield>
  </datafield>
  <datafield tag="245" ind1=" " ind2=" ">
    <subfield code="a">DNA feature analysis of regulatory regions associated with gene expression /</subfield>
    <subfield code="c">By Raksha</subfield>
  </datafield>
  <datafield tag="260" ind1=" " ind2=" ">
    <subfield code="a">Mangalore.</subfield>
    <subfield code="c">2024.</subfield>
  </datafield>
  <datafield tag="700" ind1=" " ind2=" ">
    <subfield code="a">Verky, Shine P.</subfield>
    <subfield code="e">Mentor</subfield>
    <subfield code="9">215913</subfield>
  </datafield>
  <datafield tag="700" ind1=" " ind2=" ">
    <subfield code="a">Acharya, Kshithish.</subfield>
    <subfield code="e">Guide</subfield>
    <subfield code="9">215914</subfield>
  </datafield>
  <datafield tag="856" ind1=" " ind2=" ">
    <subfield code="3">Shodhaka Life Science Pvt Ltd, Bangalore</subfield>
    <subfield code="u">https://www.shodhaka.net/</subfield>
  </datafield>
  <datafield tag="942" ind1=" " ind2=" ">
    <subfield code="2">ddc</subfield>
    <subfield code="c">PRO</subfield>
  </datafield>
  <datafield tag="999" ind1=" " ind2=" ">
    <subfield code="c">234521</subfield>
    <subfield code="d">234521</subfield>
  </datafield>
  <datafield tag="952" ind1=" " ind2=" ">
    <subfield code="0">0</subfield>
    <subfield code="1">0</subfield>
    <subfield code="2">ddc</subfield>
    <subfield code="4">0</subfield>
    <subfield code="7">1</subfield>
    <subfield code="8">MSc Bioinfo</subfield>
    <subfield code="a">AIMIT</subfield>
    <subfield code="b">AIMIT</subfield>
    <subfield code="d">2024-08-02</subfield>
    <subfield code="l">0</subfield>
    <subfield code="p">PBI00165</subfield>
    <subfield code="r">2025-06-24 14:30:32</subfield>
    <subfield code="t">221809</subfield>
    <subfield code="u">https://www.shodhaka.net/</subfield>
    <subfield code="w">2025-06-24</subfield>
    <subfield code="y">PRO</subfield>
  </datafield>
</record>
